000 00416nam a2200181Ia 4500
001 1346
005 20260306143721.0
008 260306t1992||||xx |||||||||||||| ||spa||
041 _aESP
082 _a196.1
_bG23
100 _aGarcía Morente, Manuel
_eAUT
245 0 _aEstudios y ensayos
260 _c1992
300 _a303 páginas :
_c22 cm.
650 _aGEN
654 _aCHU
942 _cLIB
_dJUS
_fJUS
_2ddc
_n
999 _c1346
_d1346